|
|
|
|
| LEADER |
00000nab a2200000 a 4500 |
| 001 |
vtls000722026 |
| 003 |
SK-MaSNL |
| 005 |
20260304114722.0 |
| 008 |
250429c1999 xo 0 slo |
| 015 |
|
|
|a SNBRB2000/05-12286
|
| 035 |
|
|
|a CLN000074193
|
| 035 |
|
|
|a urn:nbn:sk:snk-ab2i3a
|
| 035 |
|
|
|a (urnnbn)urn:nbn:sk:snk:ar-a02g8d
|
| 035 |
|
|
|a (uuid)ab7ae5ac-de08-4059-9b41-de054a53f34f
|
| 040 |
|
|
|a SNKBUCL
|b slo
|c SNKBUCL
|e AACR2
|
| 041 |
0 |
|
|a slo
|
| 044 |
|
|
|a xo
|c SK
|
| 080 |
|
|
|a 801-051
|2 1997
|
| 080 |
|
|
|a 808.54-051
|2 1997
|
| 080 |
|
|
|a 929 Habovštiak, Anton
|2 1997
|
| 080 |
|
|
|a 82:929:885.4
|2 1997
|
| 080 |
|
|
|a 885.4:929
|2 1997
|
| 100 |
1 |
|
|a Ripka, Ivor,
|d 1937-
|4 aut
|9 92988
|
| 245 |
1 |
0 |
|a Významné jubileum Antona Habovštiaka
|c Ivor Ripka
|
| 600 |
1 |
7 |
|a Habovštiak, Anton,
|d 1924-2004
|2 snkbucl
|9 92747
|
| 655 |
|
7 |
|a články z novín a časopisov
|2 snkbucl
|9 267496
|
| 773 |
0 |
|
|t Slavica slovaca
|g Roč. 34, č. 2 (1999), s. 167-168
|x 0037-6787
|
| 850 |
|
|
|a Slovenská národná knižnica
|
| 852 |
|
|
|a Slovenská národná knižnica
|
| 954 |
|
|
|a odborná, vedecká literatúra pôvodná (slovenská)
|2 lita
|
| 958 |
|
|
|a article27
|
| 958 |
|
|
|a SK
|
| 958 |
|
|
|a LX
|
| 958 |
|
|
|a BX
|
| 958 |
|
|
|a OND
|
| 958 |
|
|
|a EUIPO
|
| 992 |
|
|
|a RBX
|
| 999 |
|
|
|c 2873694
|d 2875624
|